000
00316nam a22001457a 4500
008
210429b ||||| |||| 00| 0 eng d
020
_a
9780816032358
041
_a
eng
080
_a
510
082
_a
510
100
_a
36
101
_a
MAT
245
_a
Modern Mathematicians
_c
Harry Henderson
942
_2
udc
_c
BK
999
_c
56954
_d
56954